000 004410000a22001810004500
003 MACL
005 20151007125024.0
008 151007b xxu||||| |||| 00| 0 eng d
040 _aMACL
_cMACL
041 _aEnglish
082 _a920
100 _aSmith, Hedrick
_913993
245 _aReagan The Man , The President
260 _bKalyani publishers
_c1981
_aNew Delhi
350 _a63
650 _aBiography
_913994
942 _cBK
_k920
_2ddc
999 _c6177
_d6177